<?xml version="1.0" encoding="UTF-8"?>
<marc:record xmlns:marc="http://www.loc.gov/MARC21/slim">
   <marc:leader>00000nam a2200000 a 4500</marc:leader>
   <marc:datafield ind1="0" ind2="0" tag="245">
      <marc:subfield code="a">Kangi Cup</marc:subfield>
   </marc:datafield>
   <marc:datafield ind1="0" ind2="0" tag="245">
      <marc:subfield code="b">; Ein spannendes Wetthüfpen für 2-4 Spieler ab 5 Jahre</marc:subfield>
   </marc:datafield>
   <marc:datafield ind1=" " ind2="1" tag="264">
      <marc:subfield code="b">Schmidt</marc:subfield>
      <marc:subfield code="c">499</marc:subfield>
   </marc:datafield>
   <marc:datafield ind1="1" ind2=" " tag="520">
      <marc:subfield code="a">Früh hüpft, was einmal ein richtiges Känguru werden will. Deshalb treffen sich die Kängurukinder hier zu einem Hüpfwettbewerb. Bei diesem braucht man nicht nur Glück beim Würfeln, sondern muss auch überlegen, ob man lieber auf Gras-oder Sandfelder ziehen will. Nur gut, dass man am Wasserloch verschnaufen kann.</marc:subfield>
   </marc:datafield>
   <marc:datafield ind1="3" ind2=" " tag="024">
      <marc:subfield code="a">4001504510480</marc:subfield>
   </marc:datafield>
</marc:record>
